Making health systems work in low and middle income countries : textbook for public health practitioners /

"1. Health Systems from Unfamiliarity to Inevitability During the 1970s and 80s, debates within countries and in many international forums indicated a growing dissatisfaction with the state of health and health services. This was accompanied by a broad recognition that the solution needed to in...

ver descrição completa

Detalhes bibliográficos
Outros Autores: Siddiqi, Sameen (Editor), Mataria, Awad (Editor), Rouleau, Katherine D. (Editor), Iqbal, Meesha (Editor)
Formato: Livro
Idioma:English
Publicado em: Cambridge ; New York, NY : Cambridge University Press, c2023.
Assuntos:
Classic Catalogue: View this record in Classic Catalogue
LEADER 02742nam a22003978i 4500
001 44328
003 BD-DhAAL
005 20250422125323.0
008 250422t2023 enk b 001 0 eng d
010 |a  2022039641 
020 |a 9781009211093 
020 |z 9781009211086 
040 |a DNLM/DLC  |b eng  |e rda  |c DLC  |d BD-DhAAL 
042 |a pcc 
050 0 0 |a RA971 
060 0 0 |a W 84.1 
082 0 0 |a 362.1068  |2 23 
245 0 0 |a Making health systems work in low and middle income countries :  |b textbook for public health practitioners /  |c edited by Sameen Siddiqi, Awad Mataria, Katherine D. Rouleau, Meesha Iqbal. 
260 |a Cambridge ;  |a New York, NY :  |b Cambridge University Press,  |c c2023. 
300 |a xix, 622 pages :  |b illustrations ;  |c 24 cm 
504 |a Includes bibliographical references and index. 
520 |a "1. Health Systems from Unfamiliarity to Inevitability During the 1970s and 80s, debates within countries and in many international forums indicated a growing dissatisfaction with the state of health and health services. This was accompanied by a broad recognition that the solution needed to include the development of comprehensive national health systems,[1] a perspective further supported by the Alma Ata Declaration on Primary Health Care as the leading strategy for Health for All.[2] While scholarship on strengthening health systems has continued since, questions of what is a health system, what are its boundaries and components, how it should be analyzed, and how to best improve health system performance remain contested and evolving matters. Early work on health systems was influenced by Milton Roemer's descriptive analysis of national health systems,[3] while the subsequent reports by WHO in 2000 and 2007[4, 5] helped solidify a shared understanding of health system functions, goals and objectives"-- 
541 |a Donated by Professor Syed Mahfuzul Aziz (Former Pro Vice-Chancellor)  |e 44328 
650 1 2 |a Delivery of Health Care  |x organization & administration.  |9 58083 
650 2 2 |a Health Policy. 
650 2 2 |a Health Care Reform. 
650 2 2 |a Public Health Administration. 
650 2 2 |a Developing Countries. 
700 1 |a Siddiqi, Sameen,  |e editor.  |9 58084 
700 1 |a Mataria, Awad,  |e editor.  |9 58085 
700 1 |a Rouleau, Katherine D.,  |e editor.  |9 58086 
700 1 |a Iqbal, Meesha,  |e editor.  |9 58087 
852 |a Ayesha Abed Library  |c General Stacks 
942 |2 ddc  |c BK 
999 |c 47276  |d 47276 
952 |0 0  |1 0  |2 ddc  |4 0  |6 362_106800000000000_MAK  |7 0  |9 77610  |a BRACUL  |b BRACUL  |c GEN  |d 2025-04-22  |e Donated by Professor Syed Mahfuzul Aziz (Former Pro Vice-Chancellor)  |l 0  |o 362.1068 MAK  |p 3010044328  |r 2025-04-22  |t 1  |w 2025-04-22  |y BK  |x Donated by Professor Syed Mahfuzul Aziz (Former Pro Vice-Chancellor)